000 00284nam a22001337a 4500
008 170612b xxu||||| |||| 00| 0 eng d
020 _a021008
041 _aeng
080 _a32
100 _a19
101 _aSHP
245 _aTHE VICHY REGIME 1940-44
_cARON, R
942 _2udc
_cBK
999 _c16903
_d16903